00223 a2200109 4500001000700000020000600007040001100013100001500024240003500039245003000074362000900104169530 a  cMagnum aPages, Max10aA vida afetiva dos gruposlpor10aA vida afetiva dos grupos0 a1899